[Event "Kalamazoo op1"]
[Site "Kalamazoo"]
[Date "2003.08.30"]
[Round "1.34"]
[White "Harry, James"]
[Black "Brereton, Justin"]
[Result "0-1"]
[WhiteElo "864"]
[BlackElo "1310"]
[PlyCount "76"]
[EventDate "2003.08.29"]
[EventType "swiss"]
[EventRounds "7"]
[EventCountry "USA"]
[SourceTitle "EXT 2007"]
[Source "ChessBase"]
[SourceDate "2006.11.23"]
[SourceVersion "1"]
[SourceVersionDate "2006.11.23"]
[SourceQuality "1"]

1. e4 c5 2. d4 cxd4 3. Qxd4 Nc6 4. Qe3 Nf6 5. Nf3 e5 6. Nc3 Bb4 7. a3 Bxc3+ 8. Qxc3 Nxe4 9. Qe3 Nf6 10. Nxe5 Qa5+ 11. Bd2 Qxe5 12. Qxe5+ Nxe5 13. 0-0-0 0-0 14. Be2 d5 15. Bc3 Nc4 16. Bxf6 gxf6 17. Rxd5 Ne5 18. f4 Ng6 19. g3 b6 20. Bf3 Bb7 21. Rd3 Bxf3 22. Rxf3 Rfe8 23. f5 Ne5 24. Re3 Ng4 25. Rxe8+ Rxe8 26. b3 Re2 27. h3 Ne5 28. Kd1 Rg2 29. g4 Kg7 30. c4 Ra2 31. a4 Ra1+ 32. Kc2 Rxh1 33. Kc3 Rxh3+ 34. Kd4 Rxb3 35. c5 Rb4+ 36. Kd5 bxc5 37. Kxc5 Rxa4 38. Kd5 Rxg4 0-1